[Event "CRO Women Champ"]
[Site "Malinska"]
[Date "2017.05.08"]
[Round "1.1"]
[White "Berke, Ana"]
[Black "Spiranec, Noemi"]
[Result "1-0"]
[WhiteElo "2141"]
[BlackElo "2037"]
[PlyCount "139"]
[EventDate "2017.??.??"]
[WhiteClock "1:30:00"]
[BlackClock "1:30:00"]

1. e4 c5 2. Nf3 e6 3. c4 a6 4. Be2 Qc7 5. O-O Nf6 6. Nc3 d6 7. d4 cxd4 8. Nxd4
b6 9. Be3 Bb7 10. f3 Nbd7 11. Qd2 Be7 12. a4 O-O 13. a5 Rac8 14. Rfc1 Bd8 15.
axb6 Nxb6 16. b4 Qb8 17. Nd1 Nbd7 18. Nb3 Bc7 19. Kh1 d5 20. exd5 exd5 21. Na5
dxc4 22. Nxb7 Qxb7 23. Bxc4 Ra8 24. Rab1 Ne5 25. Bf1 Rfd8 26. Qc2 Bd6 27. Bc5
Rac8 28. Qe2 Bxc5 29. bxc5 Qd5 30. Ne3 Qd3 31. Qe1 Qd7 32. Bxa6 Rb8 33. Rxb8
Rxb8 34. Qc3 Qe6 35. Be2 Nc6 36. Bc4 Qe5 37. Qxe5 Nxe5 38. Bf1 Nc6 39. Kg1 Kf8
40. Nf5 g6 41. Nd6 Ne8 42. Nc4 Nc7 43. Nd6 Ne8 44. Ne4 Nc7 45. Nf6 Kg7 46. Ne4
Ne6 47. h4 f5 48. Nd6 Rd8 49. h5 Nxc5 50. Nb5 Rd5 51. Nc7 Re5 52. f4 Re4 53.
Rxc5 Nd4 54. Rc4 Kh6 55. hxg6 hxg6 56. Nd5 g5 57. Kf2 Ne6 58. Rxe4 fxe4 59. f5
Nf4 60. Nxf4 gxf4 61. g3 fxg3+ 62. Kxg3 Kg5 63. Bh3 e3 64. Kf3 e2 65. Kxe2 Kf6
66. Kf3 Kg5 67. Ke4 Kf6 68. Kf4 Kf7 69. Kg5 Kg7 70. Bf1 1-0

[Event "CRO Women Champ"]
[Site "Malinska"]
[Date "2017.05.08"]
[Round "1.2"]
[White "Raguz, Ivanka"]
[Black "Purgar, Ivona"]
[Result "0-1"]
[WhiteElo "1842"]
[BlackElo "2153"]
[PlyCount "52"]
[EventDate "2017.??.??"]
[WhiteClock "1:30:00"]
[BlackClock "1:30:00"]

1. d4 Nf6 2. c4 e6 3. Nc3 Bb4 4. Qc2 c5 5. dxc5 O-O 6. Bf4 Bxc5 7. e4 Nc6 8.
Nf3 d5 9. cxd5 exd5 10. exd5 Nb4 11. Qd2 Bf5 12. Rc1 Re8+ 13. Kd1 Rc8 14. Bb5
Ne4 15. Nxe4 Rxe4 16. d6 Qb6 17. d7 Rd8 18. Bg5 f6 19. a3 Qxb5 20. axb4 Rxd7
21. Rxc5 Qa4+ 22. Kc1 Qa1+ 23. Kc2 Rxd2+ 24. Bxd2 Qxh1 25. Rxf5 Qxg2 26. Kd3
Qg4 0-1

[Event "CRO Women Champ"]
[Site "Malinska"]
[Date "2017.05.08"]
[Round "1.3"]
[White "Medic, Mirjana"]
[Black "Bogdanic, Katarina"]
[Result "1-0"]
[WhiteElo "2113"]
[BlackElo "1951"]
[PlyCount "65"]
[EventDate "2017.??.??"]
[WhiteClock "1:30:00"]
[BlackClock "1:30:00"]

1. d4 Nf6 2. Nf3 e6 3. c4 b6 4. a3 Bb7 5. Nc3 Be7 6. d5 d6 7. e4 exd5 8. exd5
O-O 9. Bd3 Re8 10. O-O Nbd7 11. Re1 Nc5 12. Bc2 a5 13. Nd4 Bf8 14. Be3 g6 15.
Ncb5 Bg7 16. Rb1 a4 17. Nc6 Qd7 18. Nca7 Ng4 19. Bxc5 Rxe1+ 20. Qxe1 dxc5 21.
Qd1 Re8 22. h3 Ne5 23. Bxa4 c6 24. Nc3 Ba8 25. Nxc6 Bxc6 26. dxc6 Qxd1+ 27.
Rxd1 Rc8 28. Nd5 Bf8 29. Nxb6 Rc7 30. Nd5 Rc8 31. c7 g5 32. Nf6+ Kg7 33. Ne8+
1-0

[Event "CRO Women Champ"]
[Site "Malinska"]
[Date "2017.05.08"]
[Round "1.4"]
[White "Vujnovic, Patricija"]
[Black "Vukajlovic, Zorana"]
[Result "1/2-1/2"]
[WhiteElo "2099"]
[BlackElo "1727"]
[PlyCount "133"]
[EventDate "2017.??.??"]
[WhiteClock "1:30:00"]
[BlackClock "1:30:00"]

1. d4 d5 2. c4 e6 3. Nc3 Nf6 4. cxd5 exd5 5. Bg5 Be7 6. e3 h6 7. Bh4 O-O 8. Bd3
c6 9. Qc2 Na6 10. a3 Nc7 11. Nf3 Re8 12. O-O Ne4 13. Bxe7 Qxe7 14. Ne5 Nxc3 15.
bxc3 Ne6 16. f4 Nf8 17. Rf3 Nd7 18. a4 Nf6 19. Raf1 Ne4 20. Bxe4 dxe4 21. Rg3
Bf5 22. Qb3 Be6 23. c4 f6 24. d5 cxd5 25. cxd5 Bf7 26. Nxf7 Qxf7 27. Rd1 Rad8
28. Qb5 Rd7 29. Qc4 f5 30. Qd4 a6 31. h4 Red8 32. Qe5 Rxd5 33. Rxd5 Rxd5 34.
Rxg7+ Qxg7 35. Qxd5+ Qf7 36. Qe5 h5 37. a5 Kh7 38. Qc5 Kg8 39. Qb6 Kg7 40. Qb2+
Kg6 41. Kf2 Qc7 42. Qe5 Qf7 43. Kg3 Kh7 44. Kh3 Qg6 45. Qe7+ Kh6 46. Qf8+ Kh7
47. Qe7+ Kh6 48. Qg5+ Kh7 49. Kh2 Kg7 50. Kg1 Kh7 51. Kf2 Qf7 52. g4 hxg4 53.
h5 Qe6 54. Kg3 Qf7 55. Kh4 Qe6 56. Qd8 Kg7 57. Qg5+ Kh7 58. Kg3 Qf7 59. Kh4 Qe6
60. Qd8 Kg7 61. Qg5+ Kh7 62. Qd8 Kg7 63. Qg5+ Kh7 64. Kg3 Qf7 65. Kh4 Qe6 66.
Qd8 Kg7 67. Qg5+ 1/2-1/2

[Event "CRO Women Champ"]
[Site "Malinska"]
[Date "2017.05.09"]
[Round "2.1"]
[White "Bogdanic, Katarina"]
[Black "Vujnovic, Patricija"]
[Result "1/2-1/2"]
[WhiteElo "1951"]
[BlackElo "2099"]
[PlyCount "110"]
[EventDate "2017.??.??"]
[WhiteClock "1:28:00"]
[BlackClock "1:27:00"]

1. c4 e5 2. g3 Nc6 3. Bg2 f5 4. d3 Nf6 5. Nf3 Bb4+ 6. Bd2 Bxd2+ 7. Qxd2 O-O 8.
O-O d6 9. Nc3 Qe7 10. Rac1 Nd8 11. b4 c6 12. b5 Bd7 13. Qb2 Nf7 14. bxc6 Bxc6
15. Qd2 Rad8 16. Qe3 a6 17. Rb1 Rfe8 18. Qc1 Qd7 19. Qc2 Rc8 20. Qb3 g6 21.
Rfc1 Kg7 22. Qb2 Rc7 23. Qb6 h6 24. d4 Bxf3 25. exf3 Rxc4 26. dxe5 dxe5 27. Bf1
Rc6 28. Qb3 Rec8 29. Ne2 Rxc1 30. Nxc1 b5 31. Qa3 Qd2 32. Nb3 Qd6 33. Qa5 Rc2
34. Re1 Ng5 35. Bg2 e4 36. fxe4 Nfxe4 37. Rf1 Nd2 38. Nxd2 Rxd2 39. Qc3+ Qd4
40. Qc7+ Nf7 41. Qa5 Qd6 42. Qc3+ Kh7 43. Qa5 Nd8 44. Re1 Rd1 45. Rxd1 Qxd1+
46. Bf1 Qd6 47. Bg2 Ne6 48. Qe1 b4 49. Bf1 Nc7 50. Qe3 Kg7 51. Qa7 Kf8 52. Qb8+
Ne8 53. Qa7 Nc7 54. Qb8+ Ne8 55. Qa8 Ke7 1/2-1/2

[Event "CRO Women Champ"]
[Site "Malinska"]
[Date "2017.05.09"]
[Round "2.2"]
[White "Purgar, Ivona"]
[Black "Medic, Mirjana"]
[Result "1-0"]
[WhiteElo "2153"]
[BlackElo "2113"]
[PlyCount "157"]
[EventDate "2017.??.??"]
[WhiteClock "1:27:00"]
[BlackClock "1:31:00"]

1. e4 e6 2. d4 d5 3. Nd2 c5 4. Ngf3 Nf6 5. exd5 exd5 6. Bb5+ Bd7 7. Bxd7+ Nbxd7
8. O-O Be7 9. dxc5 Nxc5 10. Nb3 Nce4 11. Nfd4 Qd7 12. f3 Nd6 13. Nc5 Qc8 14.
Nd3 O-O 15. Re1 Re8 16. c3 h6 17. Re2 Bd8 18. Bf4 Nf5 19. Rxe8+ Nxe8 20. Nxf5
Qxf5 21. Qd2 Bb6+ 22. Be3 Bc7 23. Re1 Nd6 24. b3 Re8 25. Nb4 Rxe3 26. Rxe3 Bb6
27. Nxd5 Bxe3+ 28. Nxe3 Qe6 29. Qd3 b6 30. Kf2 Qe5 31. Ng4 Qe6 32. Qe3 Qg6 33.
Qe2 Qb1 34. Ne5 Qc1 35. c4 Qa3 36. Nd3 Nf5 37. g3 Kf8 38. Kg2 Nd4 39. Qd2 a5
40. Nf4 Qc5 41. Ne2 Ne6 42. Nc3 Kg8 43. Nb5 Qf5 44. Nd4 Nxd4 45. Qxd4 Qe6 46.
a3 Qe2+ 47. Qf2 Qe6 48. Qd2 h5 49. Qd8+ Kh7 50. Qd3+ Kg8 51. b4 axb4 52. axb4
g6 53. Qc2 Kg7 54. c5 bxc5 55. Qb2+ Kf8 56. bxc5 Qd5 57. Qc2 Qc6 58. Qc4 Ke7
59. Qd4 Qe6 60. h4 Qa2+ 61. Kf1 Qb1+ 62. Ke2 Qc2+ 63. Ke3 Qc1+ 64. Ke4 Qc2+ 65.
Kf4 Qf5+ 66. Ke3 Kf8 67. Qd6+ Kg7 68. c6 Qc2 69. c7 Qc3+ 70. Ke4 Qc2+ 71. Kd5
Qb3+ 72. Kd4 Qa4+ 73. Kc5 Qc2+ 74. Kb6 Qb3+ 75. Ka6 Qc4+ 76. Kb7 Qb5+ 77. Qb6
Qd5+ 78. Kb8 Qe5 79. f4 1-0

[Event "CRO Women Champ"]
[Site "Malinska"]
[Date "2017.05.09"]
[Round "2.3"]
[White "Spiranec, Noemi"]
[Black "Raguz, Ivanka"]
[Result "1/2-1/2"]
[WhiteElo "2037"]
[BlackElo "1842"]
[PlyCount "116"]
[EventDate "2017.??.??"]
[WhiteClock "1:31:00"]
[BlackClock "1:28:00"]

1. e4 e5 2. Nf3 Nc6 3. Bb5 a6 4. Ba4 Nf6 5. O-O Be7 6. Re1 b5 7. Bb3 d6 8. c3
O-O 9. h3 Nb8 10. d4 Nbd7 11. Nbd2 c5 12. Bc2 Qc7 13. d5 c4 14. Nf1 Nc5 15. b4
cxb3 16. axb3 Bd7 17. Bd2 Rfc8 18. g4 Ne8 19. Ng3 g6 20. Kg2 Ng7 21. Nh2 Nb7
22. Qe2 a5 23. Ra2 a4 24. Rea1 Nc5 25. b4 Nb7 26. Bd3 Qb6 27. Be3 Qa6 28. Bd2
Qb6 29. Nhf1 Nd8 30. Ne3 Qb7 31. c4 bxc4 32. Nxc4 Bb5 33. Nxe5 Bxd3 34. Nxd3
Bf6 35. Rb1 Qd7 36. f4 Bh4 37. Qf3 f6 38. Ne2 Nf7 39. Nd4 h5 40. Nc6 Re8 41.
Rba1 f5 42. gxf5 gxf5 43. e5 dxe5 44. fxe5 Ng5 45. Bxg5 Bxg5 46. Rxa4 Rxa4 47.
Rxa4 f4 48. Nc5 Qf5 49. Qe4 f3+ 50. Qxf3 Qg6 51. Qe4 Nf5 52. Kh2 Be3 53. Qg2
Bf4+ 54. Kg1 Be3+ 55. Kh2 Bf4+ 56. Kg1 Be3+ 57. Kh2 Bf4+ 58. Kg1 Be3+ 1/2-1/2

[Event "CRO Women Champ"]
[Site "Malinska"]
[Date "2017.05.09"]
[Round "2.4"]
[White "Cvitan, Ena"]
[Black "Berke, Ana"]
[Result "1/2-1/2"]
[WhiteElo "2281"]
[BlackElo "2141"]
[PlyCount "85"]
[EventDate "2017.??.??"]
[WhiteClock "1:27:00"]
[BlackClock "1:29:00"]

1. d4 Nf6 2. c4 e6 3. Nc3 Bb4 4. e3 c5 5. Bd3 O-O 6. Nge2 d5 7. a3 dxc4 8. Bxc4
cxd4 9. exd4 Be7 10. O-O Nc6 11. h3 a6 12. Bb3 b5 13. d5 exd5 14. Nxd5 Nxd5 15.
Bxd5 Bb7 16. Bf4 Rc8 17. Nc3 Bf6 18. Ne4 Na5 19. Bxb7 Nxb7 20. Qxd8 Bxd8 21. a4
Rc4 22. Nd6 Rxf4 23. Nxb7 Bf6 24. Nc5 bxa4 25. Rxa4 Rxa4 26. Nxa4 Rc8 27. Rd1
h6 28. b4 Rc4 29. Rb1 a5 30. Nc5 Rxb4 31. Rxb4 axb4 32. Kf1 Kf8 33. Ke2 Ke7 34.
Kd3 Kd6 35. Kc4 Ke5 36. Nd7+ Ke4 37. Nc5+ Kf5 38. Nd3 Bc3 39. Nxb4 Bxb4 40.
Kxb4 Ke4 41. Kc3 h5 42. Kd2 h4 43. Ke2 1/2-1/2

[Event "CRO Women Champ"]
[Site "Malinska"]
[Date "2017.05.09"]
[Round "3.1"]
[White "Raguz, Ivanka"]
[Black "Cvitan, Ena"]
[Result "0-1"]
[WhiteElo "1842"]
[BlackElo "2281"]
[PlyCount "66"]
[EventDate "2017.??.??"]
[WhiteClock "1:30:00"]
[BlackClock "1:30:00"]

1. d4 d5 2. c4 e6 3. Nc3 Be7 4. Nf3 Nf6 5. Bg5 O-O 6. e3 b6 7. Bxf6 Bxf6 8. Qc2
Ba6 9. Bd3 Bxc4 10. Bxh7+ Kh8 11. Bd3 Bxd3 12. Qxd3 g6 13. h4 c5 14. g4 c4 15.
Qc2 Nc6 16. a3 Kg8 17. g5 Bh8 18. O-O-O Ne7 19. h5 Nf5 20. Kb1 b5 21. hxg6 fxg6
22. e4 Ne7 23. Rh3 Rf4 24. exd5 Qf8 25. Qe2 Qf5+ 26. Ka2 Qxh3 27. d6 Nc6 28.
Nxb5 Qf5 29. Nc7 Rb8 30. d5 Rxb2+ 31. Qxb2 Bxb2 32. dxc6 Qc2 33. Rd2 Qb3+ 0-1

[Event "CRO Women Champ"]
[Site "Malinska"]
[Date "2017.05.09"]
[Round "3.2"]
[White "Medic, Mirjana"]
[Black "Spiranec, Noemi"]
[Result "1-0"]
[WhiteElo "2113"]
[BlackElo "2037"]
[PlyCount "87"]
[EventDate "2017.??.??"]
[WhiteClock "1:27:00"]
[BlackClock "1:30:00"]

1. d4 Nf6 2. Nf3 e6 3. c4 c5 4. e3 g6 5. Nc3 cxd4 6. exd4 d5 7. cxd5 Nxd5 8.
Bb5+ Bd7 9. Bxd7+ Nxd7 10. Nxd5 exd5 11. O-O Be7 12. Bh6 f6 13. Re1 Kf7 14. Qe2
Nf8 15. Bxf8 Kxf8 16. Qb5 Rb8 17. Re6 Kf7 18. Rae1 Re8 19. h3 a6 20. Qa4 Qc8
21. R6e3 b5 22. Qa5 Qb7 23. Qd2 Bd6 24. g3 Qd7 25. Kg2 Rxe3 26. Rxe3 Re8 27.
Rxe8 Qxe8 28. Qa5 Qc6 29. Qd8 Kg7 30. g4 Bf4 31. Qe7+ Kg8 32. Ne1 Bc7 33. Nf3
Qd6 34. Qe8+ Kg7 35. g5 Qd8 36. gxf6+ Kxf6 37. Qc6+ Qd6 38. Qa8 Kg7 39. Qb7 Kf6
40. Ne5 h5 41. Qc8 Kg7 42. Qe8 Bb6 43. Qf7+ Kh6 44. Qg8 1-0

[Event "CRO Women Champ"]
[Site "Malinska"]
[Date "2017.05.09"]
[Round "3.3"]
[White "Vujnovic, Patricija"]
[Black "Purgar, Ivona"]
[Result "1/2-1/2"]
[WhiteElo "2099"]
[BlackElo "2153"]
[PlyCount "45"]
[EventDate "2017.??.??"]
[WhiteClock "1:30:00"]
[BlackClock "1:30:00"]

1. d4 Nf6 2. c4 e6 3. Nc3 Bb4 4. e3 O-O 5. Bd3 c5 6. Nge2 cxd4 7. exd4 b6 8.
O-O Bb7 9. d5 h6 10. Bf4 Nh5 11. Be3 Na6 12. a3 Bc5 13. b4 Bd6 14. Rc1 exd5 15.
Nxd5 Nc7 16. Nd4 Nxd5 17. cxd5 Nf4 18. Nf5 Nxd3 19. Qxd3 Be5 20. Rfe1 d6 21. f4
Bf6 22. Bd4 Bc8 23. Ng3 1/2-1/2

[Event "CRO Women Champ"]
[Site "Malinska"]
[Date "2017.05.09"]
[Round "3.4"]
[White "Vukajlovic, Zorana"]
[Black "Bogdanic, Katarina"]
[Result "0-1"]
[WhiteElo "1727"]
[BlackElo "1951"]
[PlyCount "100"]
[EventDate "2017.??.??"]
[WhiteClock "1:30:00"]
[BlackClock "1:30:00"]

1. e4 c5 2. Nf3 e6 3. d4 cxd4 4. Nxd4 a6 5. Nc3 Qc7 6. Be3 Nf6 7. Qd2 b5 8. f3
Bb7 9. O-O-O d5 10. exd5 Nxd5 11. Nxd5 Bxd5 12. Kb1 Nc6 13. Bf4 Qb7 14. Nxc6
Qxc6 15. Bd3 Rc8 16. Rhe1 Be7 17. Be5 f6 18. Bg3 Kf7 19. Qe2 Qb6 20. Bf5 Bc4
21. Bd3 Rhd8 22. Bf2 Qb7 23. b3 Rd6 24. Qe4 Qc7 25. Bxc4 bxc4 26. Rxd6 Qxd6 27.
Bg3 Qb6 28. Bf4 f5 29. Qe3 Qc6 30. Qe2 Qb6 31. Be3 Qd6 32. Bf4 Qc6 33. Qe3 a5
34. Re2 Qa6 35. Be5 Rc6 36. Re1 a4 37. Qd2 Qb7 38. Re3 Rb6 39. Qc3 Qd5 40. Qd4
Qb7 41. Qxc4 a3 42. Qd4 Rb5 43. c4 Bc5 44. Qc3 Bb4 45. Qa1 Rxe5 46. Qxe5 Qd7
47. Rc3 Qd1+ 48. Rc1 Qd3+ 49. Rc2 Bd2 50. Qc7+ Kf6 0-1

[Event "CRO Women Champ"]
[Site "Malinska"]
[Date "2017.05.10"]
[Round "4.1"]
[White "Purgar, Ivona"]
[Black "Vukajlovic, Zorana"]
[Result "1-0"]
[WhiteElo "2153"]
[BlackElo "1727"]
[PlyCount "61"]
[EventDate "2017.??.??"]
[WhiteClock "1:30:00"]
[BlackClock "1:30:00"]

1. e4 e5 2. Nf3 Nc6 3. Bb5 Nf6 4. d3 Bc5 5. c3 Qe7 6. O-O O-O 7. h3 h6 8. Nbd2
a6 9. Ba4 Ba7 10. Re1 Re8 11. Nf1 d6 12. Ng3 Bd7 13. d4 exd4 14. cxd4 Rad8 15.
a3 Nh7 16. Bc2 Bc8 17. Qd3 Nf6 18. Bd2 Bb6 19. Bc3 Qf8 20. b4 Bd7 21. Rad1 Re7
22. a4 a5 23. b5 Nb4 24. Bxb4 axb4 25. e5 dxe5 26. dxe5 g6 27. exf6 Rxe1+ 28.
Nxe1 Qc5 29. Ne4 Qf8 30. Bb3 Qe8 31. Ng5 1-0

[Event "CRO Women Champ"]
[Site "Malinska"]
[Date "2017.05.10"]
[Round "4.2"]
[White "Spiranec, Noemi"]
[Black "Vujnovic, Patricija"]
[Result "1/2-1/2"]
[WhiteElo "2037"]
[BlackElo "2099"]
[PlyCount "58"]
[EventDate "2017.??.??"]
[WhiteClock "1:30:00"]
[BlackClock "1:30:00"]

1. e4 c6 2. Nc3 d5 3. Nf3 Nf6 4. e5 Ne4 5. Ne2 Qb6 6. d4 e6 7. c3 c5 8. Ng3 Nc6
9. Bd3 Nxg3 10. hxg3 cxd4 11. cxd4 Bb4+ 12. Kf1 Bd7 13. a3 Be7 14. Rb1 a5 15.
Be3 a4 16. b4 Na7 17. Kg1 Nb5 18. Qc1 Rc8 19. Qb2 h6 20. g4 Rf8 21. g5 hxg5 22.
Nxg5 Bxg5 23. Bxg5 Nc3 24. Re1 Qxd4 25. Bf1 Nb5 26. Qa2 Nc3 27. Qa1 Qb6 28. Rc1
d4 29. Rh4 Bc6 1/2-1/2

[Event "CRO Women Champ"]
[Site "Malinska"]
[Date "2017.05.10"]
[Round "4.3"]
[White "Cvitan, Ena"]
[Black "Medic, Mirjana"]
[Result "1/2-1/2"]
[WhiteElo "2281"]
[BlackElo "2113"]
[PlyCount "113"]
[EventDate "2017.??.??"]
[WhiteClock "1:30:00"]
[BlackClock "1:30:00"]

1. d4 d5 2. c4 e6 3. Nc3 Be7 4. Nf3 Nf6 5. Bg5 O-O 6. e3 b6 7. Bxf6 Bxf6 8. Qc2
Bb7 9. Bd3 h6 10. cxd5 exd5 11. O-O-O Nd7 12. h4 c5 13. g4 Be7 14. Rdg1 cxd4
15. Nxd4 Nc5 16. Bh7+ Kh8 17. g5 Ne4 18. Bxe4 dxe4 19. gxh6 gxh6 20. Nf5 Bf6
21. Nxh6 Qd3 22. Rd1 Qxc2+ 23. Kxc2 Bxc3 24. bxc3 Ba6 25. Rd7 Bd3+ 26. Kb2 Kg7
27. Rd6 Rfd8 28. Nf5+ Kf8 29. Rh6 Ke8 30. Rg1 Kd7 31. Rg7 Rf8 32. Rd6+ Ke8 33.
f4 Rc8 34. Rxd3 exd3 35. Nd6+ Kd7 36. Nxc8 Kxc8 37. e4 Rh8 38. Rg4 Rh5 39. f5
Kd7 40. Kc1 Kd6 41. Kd2 Ke5 42. Kxd3 Rh8 43. Kc4 a6 44. a4 Rh6 45. Kb4 Kd6 46.
c4 Rh5 47. a5 bxa5+ 48. Kxa5 Kc5 49. Kxa6 Kxc4 50. Kb6 Kd4 51. Kc6 Ke5 52. Kd7
Kf6 53. Kd6 Rh8 54. Kd5 Rd8+ 55. Kc4 Rd1 56. Rg3 Ke5 57. Rg7 1/2-1/2

[Event "CRO Women Champ"]
[Site "Malinska"]
[Date "2017.05.10"]
[Round "4.4"]
[White "Berke, Ana"]
[Black "Raguz, Ivanka"]
[Result "1-0"]
[WhiteElo "2141"]
[BlackElo "1842"]
[PlyCount "89"]
[EventDate "2017.??.??"]
[WhiteClock "1:30:00"]
[BlackClock "1:30:00"]

1. e4 e5 2. Nf3 Nc6 3. Bb5 a6 4. Ba4 Nf6 5. d3 Bc5 6. O-O d6 7. c3 b5 8. Bb3
O-O 9. Qe2 Bb6 10. Be3 Bg4 11. h3 Bh5 12. g4 Bg6 13. Nh4 Bxe3 14. fxe3 a5 15.
a3 Rb8 16. Nf5 d5 17. Nd2 b4 18. axb4 axb4 19. Ra6 Rb6 20. Rxb6 cxb6 21. h4
dxe4 22. d4 bxc3 23. bxc3 exd4 24. cxd4 Bxf5 25. gxf5 Qd6 26. Qg2 Na5 27. Bc2
Qa3 28. Qe2 Re8 29. Kh1 b5 30. Rg1 h5 31. Qg2 Ng4 32. Bd1 Qxe3 33. Bxg4 hxg4
34. Qxg4 Qxd4 35. h5 Qf6 36. Nxe4 Qh6 37. f6 g6 38. Nd6 Rd8 39. Nf5 Qd2 40.
hxg6 Qd5+ 41. Kh2 Qe5+ 42. Rg3 Rd2+ 43. Kh3 Qxf6 44. gxf7+ Kxf7 45. Qg8# 1-0

[Event "CRO Women Champ"]
[Site "Malinska"]
[Date "2017.05.11"]
[Round "5.1"]
[White "Medic, Mirjana"]
[Black "Berke, Ana"]
[Result "1/2-1/2"]
[WhiteElo "2113"]
[BlackElo "2141"]
[PlyCount "91"]
[EventDate "2017.??.??"]
[WhiteClock "1:30:00"]
[BlackClock "1:30:00"]

1. d4 Nf6 2. Nf3 e6 3. e3 c5 4. Bd3 b6 5. O-O Bb7 6. b3 Nc6 7. Bb2 d5 8. c4 Nb4
9. Be2 Be7 10. a3 Nc6 11. cxd5 exd5 12. Nc3 O-O 13. Rc1 Rc8 14. dxc5 bxc5 15.
Na4 Ne4 16. b4 cxb4 17. axb4 Bxb4 18. Rxc6 Bxc6 19. Qd4 f6 20. Qxb4 Rb8 21. Qd4
Bxa4 22. Ba3 Rf7 23. Qxa4 Nc3 24. Qa6 Rb6 25. Qd3 Rb3 26. Bc5 Nxe2+ 27. Qxe2 a5
28. Nd4 Rc3 29. Ne6 Qc8 30. Bd4 Rc2 31. Qd3 Rb7 32. h3 a4 33. Nf4 Rb3 34. Qd1
Qc4 35. Nxd5 a3 36. Re1 a2 37. Qh5 Kf8 38. Qxh7 Rb1 39. Qh8+ Kf7 40. Qd8 Rxe1+
41. Kh2 Qc6 42. Qe7+ Kg8 43. Bxf6 gxf6 44. Qd8+ Kf7 45. Qe7+ Kg8 46. Qd8+
1/2-1/2

[Event "CRO Women Champ"]
[Site "Malinska"]
[Date "2017.05.11"]
[Round "5.2"]
[White "Vujnovic, Patricija"]
[Black "Cvitan, Ena"]
[Result "1/2-1/2"]
[WhiteElo "2099"]
[BlackElo "2281"]
[PlyCount "23"]
[EventDate "2017.??.??"]
[WhiteClock "1:26:00"]
[BlackClock "1:30:00"]

1. e4 c5 2. Nf3 d6 3. Bb5+ Bd7 4. Bxd7+ Qxd7 5. O-O Nf6 6. Re1 Nc6 7. c3 e6 8.
d4 cxd4 9. cxd4 d5 10. e5 Ne4 11. Nbd2 Nxd2 12. Bxd2 1/2-1/2

[Event "CRO Women Champ"]
[Site "Malinska"]
[Date "2017.05.11"]
[Round "5.3"]
[White "Vukajlovic, Zorana"]
[Black "Spiranec, Noemi"]
[Result "0-1"]
[WhiteElo "1727"]
[BlackElo "2037"]
[PlyCount "48"]
[EventDate "2017.??.??"]
[WhiteClock "1:29:00"]
[BlackClock "1:30:00"]

1. e4 c5 2. Nf3 e6 3. d4 cxd4 4. Nxd4 a6 5. Nc3 b5 6. Be3 Qc7 7. Qd2 Nf6 8. f3
Bb7 9. g4 Bb4 10. h4 d5 11. e5 Qxe5 12. O-O-O Qc7 13. h5 Nc6 14. Kb1 Ba5 15.
Nxc6 Bxc6 16. Bd4 O-O-O 17. Qe3 Kb7 18. Qg5 Bxc3 19. Bxc3 d4 20. Rxd4 Rxd4 21.
Bxd4 Rd8 22. Qc5 Bxf3 23. Qa7+ Kc8 24. Qxa6+ Bb7 0-1

[Event "CRO Women Champ"]
[Site "Malinska"]
[Date "2017.05.11"]
[Round "5.4"]
[White "Bogdanic, Katarina"]
[Black "Purgar, Ivona"]
[Result "0-1"]
[WhiteElo "1951"]
[BlackElo "2153"]
[PlyCount "62"]
[EventDate "2017.??.??"]
[WhiteClock "1:30:00"]
[BlackClock "1:30:00"]

1. Nf3 Nf6 2. c4 c5 3. g3 d5 4. Bg2 Nc6 5. cxd5 Nxd5 6. O-O Nc7 7. Nc3 e5 8. d3
Be7 9. Be3 O-O 10. Rc1 Rb8 11. Qd2 f6 12. a3 b6 13. Qd1 Nd4 14. Bxd4 exd4 15.
Nb5 Nxb5 16. Qb3+ Kh8 17. Qxb5 Bb7 18. Qa4 a5 19. Qc2 f5 20. Qd2 Qd6 21. Ne1 f4
22. Bxb7 Rxb7 23. Ng2 Bg5 24. Ra1 Qe5 25. Qd1 Re7 26. Re1 Re6 27. b4 fxg3 28.
fxg3 Be3+ 29. Kh1 Rh6 30. Rf1 Bf2 31. Qe1 Rxh2+ 0-1

[Event "CRO Women Champ"]
[Site "Malinska"]
[Date "2017.05.12"]
[Round "6.1"]
[White "Spiranec, Noemi"]
[Black "Bogdanic, Katarina"]
[Result "1-0"]
[WhiteElo "2037"]
[BlackElo "1951"]
[PlyCount "87"]
[EventDate "2017.??.??"]
[WhiteClock "1:30:00"]
[BlackClock "1:30:00"]

1. e4 c5 2. Nf3 e6 3. d3 Nc6 4. g3 d5 5. Nbd2 Bd6 6. Bg2 Nf6 7. O-O O-O 8. Re1
Bc7 9. Qe2 dxe4 10. dxe4 e5 11. c3 Qe7 12. Nf1 Nd7 13. Ne3 Nb6 14. Nf5 Bxf5 15.
exf5 f6 16. Nd2 Nd8 17. Ne4 Nd7 18. Be3 Bb6 19. Rad1 Nf7 20. Qc4 Kh8 21. Qe6
Rfe8 22. Qxd7 Rad8 23. Qxe7 Rxe7 24. Rxd8+ Nxd8 25. Bxc5 Bxc5 26. Nxc5 b6 27.
Rd1 Re8 28. Ne6 Nxe6 29. fxe6 g6 30. Rd6 Re7 31. Rd8+ Kg7 32. Rd7 Kf8 33. Rxe7
Kxe7 34. Bd5 Kd6 35. Kf1 f5 36. Ke2 h6 37. Ke3 g5 38. f4 exf4+ 39. gxf4 g4 40.
c4 a5 41. b3 h5 42. a3 h4 43. b4 axb4 44. axb4 1-0

[Event "CRO Women Champ"]
[Site "Malinska"]
[Date "2017.05.12"]
[Round "6.2"]
[White "Cvitan, Ena"]
[Black "Vukajlovic, Zorana"]
[Result "1-0"]
[WhiteElo "2281"]
[BlackElo "1727"]
[PlyCount "79"]
[EventDate "2017.??.??"]
[WhiteClock "1:29:00"]
[BlackClock "1:30:00"]

1. d4 d5 2. c4 e6 3. Nc3 Nf6 4. cxd5 exd5 5. Bg5 Be7 6. e3 O-O 7. Bd3 Nbd7 8.
Nf3 c6 9. h3 h6 10. Bf4 Re8 11. O-O Nf8 12. a3 Bd6 13. Bxd6 Qxd6 14. Qc2 Bd7
15. b4 Re7 16. Rab1 Rae8 17. a4 Ne4 18. Ne5 Bf5 19. Nxe4 Bxe4 20. Bxe4 dxe4 21.
Qxe4 Ng6 22. Nc4 Qd5 23. Qxd5 cxd5 24. Nd6 Rd8 25. Nb5 a6 26. Nc3 Rc7 27. Rfc1
Ne7 28. Ne2 Rdc8 29. Rxc7 Rxc7 30. Rc1 Rxc1+ 31. Nxc1 Nc6 32. Nd3 b5 33. a5 Kf8
34. Kf1 Ke7 35. Ke1 f6 36. Kd2 Kd6 37. Kc3 Kc7 38. Nc5 Nb8 39. Ne6+ Kd7 40.
Nxg7 1-0

[Event "CRO Women Champ"]
[Site "Malinska"]
[Date "2017.05.12"]
[Round "6.4"]
[White "Raguz, Ivanka"]
[Black "Medic, Mirjana"]
[Result "0-1"]
[WhiteElo "1842"]
[BlackElo "2113"]
[PlyCount "88"]
[EventDate "2017.??.??"]
[WhiteClock "1:30:00"]
[BlackClock "1:30:00"]

1. e4 e6 2. d4 d5 3. e5 c5 4. c3 Nc6 5. Nf3 Qb6 6. Bd3 Bd7 7. O-O Nh6 8. dxc5
Bxc5 9. b4 Be7 10. Bxh6 gxh6 11. a4 Qc7 12. Re1 f5 13. Na3 a6 14. Qd2 O-O 15.
Qxh6 Rf7 16. Ng5 Bxg5 17. Qxg5+ Rg7 18. Qd2 Kh8 19. f4 d4 20. Nc4 dxc3 21. Qxc3
Ne7 22. Qd2 Bc6 23. Bf1 Rd8 24. Qf2 Bxg2 25. Bxg2 Qxc4 26. Kh1 Nd5 27. Bf3 Qxf4
28. b5 Nb4 29. Re2 Nd3 30. Qf1 Rdg8 31. Rg2 Nxe5 32. Rxg7 Rxg7 33. Bg2 Qxf1+
34. Bxf1 axb5 35. Bxb5 Re7 36. Re1 Ng6 37. Kg2 Kg7 38. Kg3 Kf6 39. h4 Rc7 40.
h5 Rc3+ 41. Kf2 Nf4 42. Rb1 b6 43. Rb4 Nd5 44. Bc4 Nxb4 0-1

[Event "CRO Women Champ"]
[Site "Malinska"]
[Date "2017.05.12"]
[Round "7.1"]
[White "Vujnovic, Patricija"]
[Black "Raguz, Ivanka"]
[Result "1-0"]
[WhiteElo "2099"]
[BlackElo "1842"]
[PlyCount "95"]
[EventDate "2017.??.??"]
[WhiteClock "1:30:00"]
[BlackClock "1:30:00"]

1. Nf3 d5 2. b3 c5 3. Bb2 f6 4. e3 e5 5. d4 cxd4 6. exd4 e4 7. Nfd2 f5 8. c4
Nf6 9. Nc3 Na6 10. Be2 Nc7 11. Nf1 Bd6 12. c5 Bf4 13. Bc1 Bxc1 14. Rxc1 O-O 15.
b4 f4 16. Qb3 Kh8 17. a4 Ne6 18. Rd1 Re8 19. f3 exf3 20. gxf3 Ng5 21. Kd2 Bh3
22. Rg1 h6 23. Kc1 Qd7 24. Bb5 Qf5 25. Bd3 Qe6 26. Nd2 Nxf3 27. Nxf3 Qe3+ 28.
Rd2 Qxf3 29. Nd1 Bf5 30. Qc2 Bxd3 31. Rxd3 Qh5 32. Qg2 Re7 33. Rf3 Rg8 34. Rxf4
Re2 35. Rf2 Rxf2 36. Qxf2 Ne4 37. Qg2 Qf5 38. Rf1 Qd7 39. b5 a6 40. Qb2 Rc8 41.
Rf3 Qg4 42. Qe2 Qg5+ 43. Qe3 Qg6 44. Qf4 axb5 45. axb5 Qb6 46. Qf8+ Kh7 47.
Qf5+ Kh8 48. Qxc8+ 1-0